000 00659nam1a22002411 4500
001 RU\NLR\INFOCOMM6\ROSSICA\1000349015
005 20240725025628.0
035 _a(NLR Aleph) 009905262
090 _a10591388
_c10591388
100 _a20030424d1914 |||y0rusy50 ba
101 0 _afre
102 _aRU
105 _ay ||||000ay
200 1 _aActes du XII Congrès International d'Ophtalmologie
210 _aSt.Pétersbourg
_d1914
215 _d
710 1 2 _aCongrès International d'Ophtalmologie
_d12
_4070
801 1 _aRU
_bInfoComm
_c20030424
801 0 _aRU
_bNLR
_gPSBO
852 _aNLR
_j30.4.4.8
942 _cBOOK
980 _aRossica